| 000 | 00889nam a22002057a 4500 | ||
|---|---|---|---|
| 003 | OSt | ||
| 005 | 20260317052539.0 | ||
| 008 | 260317b |||||||| |||| 00| 0 eng d | ||
| 020 | _a978-0-545-64654-3 | ||
| 040 |
_aDWCL GS lib _cOC |
||
| 100 | _aSTILTON, GERONIMO | ||
| 245 |
_aCavemice: the great mouse race _cSTILTON, GERONIMO |
||
| 260 |
_a New York _bScholastic, Inc _c2014 |
||
| 300 |
_avii, 114 pages _c19 cm. |
||
| 520 | _aIn Cavemice: The Great Mouse Race (Book #5), Geronimo Stiltonoot navigates the prehistoric Stone Age Games, where the saber-toothed tigers have called a truce to compete. When the tigers' flag goes missing, Tiger Khan blames the mice, forcing Geronimo to solve the mystery to keep his fur intact. | ||
| 546 | _aEnglish | ||
| 650 | _2children's fiction, | ||
| 650 | _2character development and interpersonal skills. | ||
| 942 |
_2ddc _cFIC. _hFic. _n0 |
||
| 999 |
_c9221 _d9221 |
||